00494nam a2200145Ia 4500008004000000082001800040100002100058245003500079260004200114300000800156690001400164906001100178999001700189952014200206210210b1965 xxu||||| |||| 00| 0 eng d a324.2092 FISL aFISCHER (Louis). aLife of Mahatma Gandhi. Part 2 aBombaybBharatiya Vidhya Bhavanc1965 a256 aBiography a031273 c82330d82330 001040708Political ScienceaALbALcPolitical Scienced2021-02-17g2.50l0o324.2092 FISLp031273r2021-02-17 00:00:00w2021-02-17yBK